000 00451cam a2200169 a 4500
020 _a019564588X
041 1 _aeng
082 0 0 _a891.4391
100 1 _aNaim
245 1 0 _aZikr-i Mir :
260 _aNew Delhi ;
_aNew York :
_bOxford University Press,
_cc1999.
300 _aviii, 214 p. :
_bill., maps ;
650 0 _aAuthors, Urdu
700 1 _aNaim, C. M,
856 4 2 _uhttp://www.loc.gov/catdir/enhancements/fy0637/99939179-d.html
942 _cBK
999 _c23663
_d23663